| 000 | 01018cam a2200313 i 4500 | ||
|---|---|---|---|
| 999 |
_c200452867 _d71079 |
||
| 003 | TR-AnTOB | ||
| 005 | 20230407160052.0 | ||
| 007 | ta | ||
| 008 | 040317s1997 tu d 000 0 tur d | ||
| 040 |
_aB9K _beng _erda _cB9K _dTR-AnTOB |
||
| 041 | 0 | _atur | |
| 050 | 1 | 4 |
_aHG230.3 _b.T453 1997 |
| 090 |
_aHG230.3 _b.T453 1997 |
||
| 100 | 1 |
_aTelatar, Erdinç _eauthor _949211 |
|
| 245 | 1 | 0 |
_aPara politikası oyununda inandırıcılık / _cErdinç Telatar, Funda Erdoğan. |
| 264 | 1 |
_a[Ankara] : _bHacettepe Üniversitesi, _c[1997]. |
|
| 300 |
_a124 pages : _bshapes ; _c25 cm |
||
| 336 |
_atext _btxt _2rdacontent |
||
| 337 |
_aunmediated _bn _2rdamedia |
||
| 338 |
_avolume _bnc _2rdacarrier |
||
| 490 | 0 |
_aHacettepe Üniversitesi İ.İ.B.F. Yayın No ; _v25 |
|
| 504 | _aBIB | ||
| 650 | 7 |
_aPara politikası _2etuturkob _912620 |
|
| 650 | 7 |
_aEnflasyon (Finans) _2etuturkob _948993 |
|
| 650 | 7 |
_aMakroekonomi _2etuturkob _9422 |
|
| 700 |
_aErdoğan, Funda _eauthor _917888 |
||
| 942 |
_2lcc _cBK |
||